000 00650nam a2200229Ia 4500
003 OSt
005 20220918184155.0
006 a|||||r|||| 00| 0
007 ta
008 220917b |||||||| |||| 00| 0 eng d
024 _a45,125
037 _cTextual
040 _aARTS
_cARTS
_beng
041 _2eng
_aeng
082 _aO29xL29:09, G9
100 _aRobertson J G
_962855
245 0 _aLessing's dramatic theory
_b being an introduction to and commentary on his Hamburgische dramaturgie
260 _c1939
650 _aENGLISH LITERATURE
942 _hO29xL29:09, G9
_cTEXL
_2CC
999 _c175474
_d175474